00600nam a2200205Ia 4500003000400000005001700004008004100021020001900062040000700081041000800088082001300096100002500109245002500134260004600159300000800205650002300213942001300236999001900249952012600268OSt20250902092159.0250729s2004 xx 000 0 und d a978-0809140626 cAL aeng a200 DURT aDurka Gloria9222355 aThe teachers calling aMumbaibBetter Yourself Publicationc2004 a94p aGeneraliya9222356 2ddccBED c235424d235424 00104070aALbALd2025-07-29eSita Book Houseg40.00l0o200 DURTpBED00743r2025-07-29 16:53:59v40.00w2025-07-29yBK